01392cam a22003617a 4500003000500000005001700005008004100022010001000063011001000073035001000083040000900093090001000102100004800112245004700160260004000207300002000247502008700267590003700354590004100391590004100432590004100473590004100514590004200555650004300597650001900640901000700659942000900666949003600675949004800711999001700759952012600776952012800902CHAP20220329140635.0971013s1964 r 00010 d a55179 a56151 a60304 cCHAP aTesis00aSilva Rodríguez, Héctor José.910603914aLas colectivas en el Valle del Yaqui, Son. aChapingo, Méx. :bEl autor,c1964 a115 h.b: ilus. aTesis (Ing. Agr. Esp. en Economía) -- ENA. Departamento de Economía Agrícola aALEPHb10c20130110lUCH01h1333 aBATCH-UPDb10c20130110lUCH01h0257 aBATCH-UPDb10c20130110lUCH01h1518 aBATCH-UPDb10c20130409lUCH01h2328 aBATCH-UPDb10c20130913lUCH01h2138 aCONVERSIONb10c20130109lUCH01h133014aAgricultura cooperativazSonora.9199514aEjidos.936002 aBK cFOLL bBCcTESd-130023eTS1i60304si bBCcTESd-130025eTS2fc.2h23015i60304si c55179d55179 00102local4053708TESISaBCbBCcPA_TESISd2012-12-17fTESISl0p-130025r2019-12-31 00:00:00tc.2w2019-12-31yTESIS 00102local4051718TESISaBCbBCcPA_TESISd2019-12-31fTESISl0oTesisp-130023r2019-12-31 00:00:00w2019-12-31yTESIS